Statistics for World Leaders

Click here to take the quiz!

General Stats

  • This quiz has been taken 10 times
  • The average score is 9 of 12

Answer Stats

President or Prime MinistersWorld Leaders% Correct
Prime Minister of CanadaJustin Trudeau
100%
President of ChinaXi Jinping
100%
President of FranceEmmanuel Macron
100%
Chancellor of GermanyAngela Merkel
100%
President of RussiaVladimir Putin
100%
Prime Minister of the United KingdomBoris Johnson
100%
President of the United StatesDonald Trump
100%
Prime Minister of AustraliaScott Morrison
70%
President of BrazilJair Bolsonaro
70%
Prime Minister of IndiaNarendra Modi
60%
Prime Minister of New ZealandJacinda Arden
40%
President of ItalySergio Mattarella
0%

Score Distribution

Percentile by Number Answered

Percent of People with Each Score

Your Score History

You have not taken this quiz